Silencio : el poder de la quietud en un mundo ruidoso /

Guardat en:
Dades bibliogràfiques
Autor principal: Hanh, Thich Nhat (autor)
Format: Llibre
Idioma:espanyol
Publicat: Barcelona, España : Urano, 2016, c2016
Matèries:
Etiquetes: Afegir etiqueta
Sense etiquetes, Sigues el primer a etiquetar aquest registre!

MARC

LEADER 00000nam^a2200000^a^4500
001 000399833
005 20250521000000.0
009 20260310121603.786
020 |a 978-84-7953-937-5 
037 |a Acervo ITESO - Biblioteca 
041 |a ESP 
082 |a 294. 34447  |b HAN 
100 |a Hanh, Thich Nhat  |e (autor) 
245 1 0 |a Silencio :  |b el poder de la quietud en un mundo ruidoso /  |c T.N. Hahn ; tr. por Núria Martí Pérez. 
264 4 |a Barcelona, España :  |b Urano,  |c 2016, c2016 
300 |a 188 p. 
336 |a texto  |b txt  |2 rdacontenido 
337 |a sin mediación  |b n  |2 rdamedio 
338 |a volumen  |b nc  |2 rdasoporte 
500 |a Traducción de: The Power of Quiet in a World Full of Noise 
521 |a FIL 2017 EEnlace Centro Universitario Ignaciano 
649 |a XX 
650 |a Silencio -  |x Tema Principal 
650 |a Atención Plena 
650 |a Alma y Cuerpo 
650 |a Budismo -  |x Tema Principal 
650 |a Filosofía Hindú 
650 |a Filosofías Orientales 
650 |a Psicología y Religión 
910 |a Fondo General 
920 |a Impresos - Libros 
930 |a Colección General 
905 |a 101 
901 |a 0500294829  |b IT1  |c ACC  |i c158401  |u 20250521 
902 |a https://opac.biblio.iteso.mx/vufind/Record/000399833